000 00658nam a2200277Ia 4500
005 20260121124558.0
008 008 260114s9999 xx 000 0 eng d
020 _a9781400882960
037 _aEBOOK
040 _aCRL
040 _beng
040 _cCRL
041 _2eng
041 _aeng
084 _qCRL
100 _aAristotleBarnes, Jonathan
_9978382
245 0 _aAristotles Politics
260 _bWalter de Gruyter
260 _bWalter de Gruyter
260 _c2017
650 _aPhilosophy
_9978383
856 _uhttp://www.degruyter.com/isbn/9781400882960
942 _cEBOOK
999 _c1555645
_d1555645